000 00547nam a2200181Ia 4500
005 20250508153058.0
008 008 250505s9999 xx 000 0 eng d
037 _aTextual
040 _aFEDL
_beng
_cFEDL
041 _aeng
_2eng
084 _a330.196095416, NAT
_qFEDL
245 0 _aTechno-economic survey of Assam
260 _aNew Delhi, India
_bNational Council of Applied Economic Research
_c1962
300 _axiii,277p.
650 _aEconomics
942 _cTEXL
_h330.196095416, NAT
999 _c1340566
_d1340566